Movie To-Do Lists II Quiz Stats

 Plays Quiz Updated Jun 22, 2017

Support Sporcle.
Go Orange.
Score 0/15 Timer 06:00
1 Play Today
% Correct
The Karate Kid
97.8%
Willy Wonka and the Chocolate Factory
96.8%
Alice in Wonderland
96.3%
Aladdin
94%
Night at the Museum
89.8%
Bruce Almighty
83.9%
Mrs. Doubtfire
83.7%
12 Angry Men
82.3%
% Correct
The Shining
77.8%
Dr. Seuss' How the Grinch Stole Christmas
70.5%
Despicable Me
69.4%
The Princess Bride
67.2%
Predator
55.8%
The Simpsons Movie
32%
The LEGO Movie
25.6%

You're not logged in!

Compare scores with friends on all Sporcle quizzes.
OR
Log In
Forgot?

From the Vault

Most to Fewest Super Bowls Minefield

by senordingdong

We use our super bowl to eat Cheerios, what about you?
Remove Ads.
Support Sporcle.
Get the best of Sporcle when you Go Orange. This ad-free experience offers more features, more stats, and more fun while also helping to support Sporcle. Thank you for becoming a member.

Show Comments

Extras

Top Quizzes Today


Score Distribution

Your Account Isn't Verified!

In order to create a playlist on Sporcle, you need to verify the email address you used during registration. Go to your Sporcle Settings to finish the process.

Report this User

Report this user for behavior that violates our Community Guidelines.

Details: